• 首页
  • 本馆介绍
  • 公告通知
  • 最新文献
  • 馆藏检索
  • 电子资源
  • 读者导购
  • 参考咨询
  • 我的图书馆
  • 登录
  • 详细信息显示
  • 放入我的书架
  • 预约/预借图书
  • 作者相关作品
  • 分类相关作品
  • 丛书相关作品
  • 出版社相关作品

书目信息

  • 表格格式
  • 工作单格式
  • 卡片格式
题名:
集成电路彩色电视机
    
 
作者: ;《集成电路彩色电视机》编写组 编
分册: 上册  
出版信息: 北京   人民邮电出版社  1988.12
页数: 711页
开本: 26cm
丛书名:
单 册:
中图分类: TN949.12
科图分类:
主题词:
电子资源:
ISBN: 7-115-03611-X
000 00888nam0 2200229 45
001 0189028973
005 20040518173237.0
010    @a7-115-03611-X@dCNY13.25
020    @aCN@b89028973
100    @a19911017d1988 m y0chiy0120 ea
101 0  @achi
102    @aCN@b110000
105    @ay z 000yy
106    @ar
200 10 @a集成电路彩色电视机@Aji cheng dian lu cai se dian shi ji@e原理、调测、新技术@Eyuan li 、 tiao ce 、 xin ji shu@h上册@f《集成电路彩色电视机》编写组编著@F《 ji cheng dian lu cai se dian shi ji 》 bian xie zu bian zhu
210    @a北京@c人民邮电出版社@d1988.12
215    @a711页@d26cm
540 1  @a集成 电路 彩色电视机@Aji cheng dian lu cai se dian shi ji
690    @aTN949.12@v1980
711 A2 @a《集成电路彩色电视机》编写组@A《ji cheng dian lu cai se dian shi ji》bian xie zu@4编
801  0 @aCN@bNLC@c19911017
905    @f1@b247046@dTN949.12@e107:1
    
    集成电路彩色电视机:原理、调测、新技术.上册/《集成电路彩色电视机》编写组编著.-北京:人民邮电出版社,1988.12
    711页;26cm
    
    
    ISBN 7-115-03611-X:CNY13.25
    
●
相关链接 在E读中查询图书 在五车中查询图书 在当当中查询图书 在豆瓣中查询图书


正题名:集成电路彩色电视机     索取号:TN949.12/107:1         预约/预借

序号 登录号 条形码 馆藏地/架位号 状态 备注
1 0226203   202451765   第二样本阅览室/ [索取号:TN949.12/107:1] 在馆    
2 0247046   001327111   第三借阅区/ [索取号:TN949.12/107:1] 在馆    
唐山师范学院图书馆 欢迎您!
大连网信软件有限公司© 版权所有